Pays d'Amérique du Sud - Statistiques

Statistiques générales
  • Ce quiz a été pris 67 fois
  • Le résultat moyen est 10 sur 12
Statistiques - réponses
Hint Réponse % Correct
Sa capitale est Buenos Aires Argentine
98%
Seul pays ayant le portugais comme langue officielle Brésil
98%
Pays ayant obtenu son indépendance du Brésil en 1825 Uruguay
85%
Pays avec le prix d'essence le plus faible Venezuela
85%
Pays possédant le désert le plus sec Chili
83%
Plus petit pays enclavé Paraguay
82%
Pays ayant la plus grande diversité d'oiseaux Colombie
80%
Seul pays ayant le néerlandais comme langue officielle Suriname
80%
Pays d'origine de la pomme de terre Pérou
79%
Seul pays ayant l'anglais comme langue officielle Guyana
77%
Pays ayant la plus grande biodiversité par kilomètre carré Équateur
74%
Pays ayant le plus grand dépôt de sel Bolivie
73%
Aucun quiz correspondant
Distribution des résultats
% des personnes avec chaque résultat
Percentile par nombre de réponses
Votre historique - résultats
Vous n’avez pas pris ce quiz